LIBRARY & INFORMATION CENTRE, KCAET, TAVANUR

ONLINE PUBLIC ACCESS CATALOGUE (OPAC)

Normal view MARC view
  • Muthukrishna Iyer. S

Entry Personal Name

Number of records used in: 1

001 - CONTROL NUMBER

  • control field: 301

003 - CONTROL NUMBER IDENTIFIER

  • control field: OSt

005 - DATE AND TIME OF LATEST TRANSACTION

  • control field: 20160607110251.0

008 - FIXED-LENGTH DATA ELEMENTS

  • fixed length control field: 160607|| aca||aabn | a|a d

040 ## - CATALOGING SOURCE

  • Original cataloging agency: OSt
  • Transcribing agency: OSt

100 ## - HEADING--PERSONAL NAME

  • Personal name: Muthukrishna Iyer. S

670 ## - SOURCE DATA FOUND

  • Source citation: Work cat.: (OSt): Muthukrishna Iyer. S, Green Energy Sources And Future Energy Scenario, 2014
free website counter